Rām Dīn : (Record no. 534059)

000 -LEADER
fixed length control field 00625nam a22002297a 4500
001 - CONTROL NUMBER
control field 3853362
003 - CONTROL NUMBER IDENTIFIER
control field Nust
005 - DATE AND TIME OF LATEST TRANSACTION
control field 20200129123336.0
008 - FIXED-LENGTH DATA ELEMENTS--GENERAL INFORMATION
fixed length control field 891205s1986 pk 000 0 urd
010 ## - LIBRARY OF CONGRESS CONTROL NUMBER
LC control number 87931090
020 ## - INTERNATIONAL STANDARD BOOK NUMBER
International Standard Book Number 9690006932 :
Terms of availability Rs90.00
038 ## - RECORD CONTENT LICENSOR
Staff Name MSOHAIL
040 ## - CATALOGING SOURCE
Original cataloging agency DLC
Transcribing agency DLC
050 00 - LIBRARY OF CONGRESS CALL NUMBER
Classification number MLCMA 89/00712 (P)
082 ## - DEWEY DECIMAL CLASSIFICATION NUMBER
Classification number 891.4391
Author Mark MUF
100 0# - MAIN ENTRY--PERSONAL NAME
Personal name Mumtāz Muftī.
9 (RLIN) 370
245 10 - TITLE STATEMENT
Title Rām Dīn :
Remainder of title maz̤āmīn, riportāzh /
Statement of responsibility, etc. Mumtāz Muftī.
260 ## - PUBLICATION, DISTRIBUTION, ETC.
Place of publication, distribution, etc. Lāhore :
Name of publisher, distributor, etc. Fīrosanz,
Date of publication, distribution, etc. 1986.
300 ## - PHYSICAL DESCRIPTION
Extent 295 p. ;
Dimensions 23 cm.
906 ## - LOCAL DATA ELEMENT F, LDF (RLIN)
a 7
b cbc
c orignew
d u
e ncip
f 19
g y-gencatlg
942 ## - ADDED ENTRY ELEMENTS (KOHA)
Source of classification or shelving scheme
Koha item type Book
Holdings
Withdrawn status Lost status Source of classification or shelving scheme Damaged status Not for loan Permanent Location Current Location Date acquired Total Checkouts Full call number Barcode Date last seen Price effective from Koha item type
          School of Civil and Environmental Engineering (SCEE) School of Civil and Environmental Engineering (SCEE) 01/29/2020   891.4391 MUF NIT-9580 01/29/2020 01/29/2020 Book
© 2023 Central Library, National University of Sciences and Technology. All Rights Reserved.